00436nam a2200145Ia 4500008004100000020001400041041000800055082001500063100002200078245010800100250000600208260002900214300001200243650003500255210716s2005 xx 000 0 und d a387402721 aeng a519.5 WASL aWasserman, Larry. aAll of statistics: a concise course in statistical inference.bConcise course in statistical inference. a1 aNew YorkbSpringerc2005 axix,442 aStatistical Mathematics(519.5)